| 000 | 00746ata a2200277 4500 | ||
|---|---|---|---|
| 005 | 20200806085428.0 | ||
| 008 | 150901b xxu||||| |||| 00| 0 spa d | ||
| 041 | _aES | ||
| 082 | _a621.381 M257p | ||
| 100 |
_aMalvino, Albert Paul _912023 |
||
| 245 | _aPrincipios de electrónica | ||
| 250 | _a5 edición | ||
| 260 | _aEspaña | ||
| 260 | _bMcGraw-Hill | ||
| 260 | _c1994 | ||
| 300 | _a1048 páginas | ||
| 650 |
_aELECTRONICA _91815 |
||
| 650 |
_aSEMICONDUCTORES _91816 |
||
| 650 |
_aDIODOS _957750 |
||
| 650 |
_aTRANSISTORES _91842 |
||
| 650 |
_aAMPLIFICADOR DE POTENCIA _912025 |
||
| 650 |
_aAMPLIFICADOR DE TENSION _912026 |
||
| 650 |
_aAMPLIFICADOR OPERACIONAL _912027 |
||
| 650 |
_aCIRCUITOS DE COMUNICACION _99966 |
||
| 942 | _cBK | ||
| 999 |
_c703 _d703 |
||